000 01581nam0a2200421 4500
001 RU\NLR\bibl\1721058
005 20260408174446.0
010 _a978-5-222-17557-6
_92000
021 _aRU
_b2010-95304
_96427
035 _a(NLR Aleph) 001712050
035 _a(nilc)RSL-KNO-004838018
090 _a1286291
_c1286291
100 _a20101206d2011 u y0rusy50 ca
101 0 _arus
102 _aRU
105 _ay zzzz|||||
200 1 _aБратья Орловы
_fЕ. А. Разумовская
210 _aРостов-на-Дону
_cФеникс
_d2011[т.е. 2010]
215 _a221 с.
_d21
225 1 _aИсторические силуэты
300 _aКн. фактически изд. в 2010 г.
320 _aБиблиогр.: с. 217-219
600 1 _aОрлов
_bГ.Г.
_f1734 - 1783
_gГригорий Григорьевич
_92584393
_3RU\NLR\auth\661527612
600 1 _aОрлов
_bА.Г.
_gАлексей Григорьевич
_f1737 - 1808
_3RU\NLR\auth\66828920
_91832815
602 _aОрловы (род)
_92140124
_3RU\NLR\auth\661290009
686 _aТ3(2)464-8Орловы,02
_2rubbk
686 _aТ214(2)4-21
686 _aТ3(2)464-8
686 _aЦ4,8(2)243д
700 1 _4070
_7ca
_8rus
_aРазумовская
_bЕ. А.
_cпопуляризатор
_gЕлена Александровна
_9187263
_3RU\NLR\AUTH\770187314
801 0 _aRU
_bRuMoRKP
_c20101206
_grcr
801 1 _aRU
_bRuMoRGB
_c20101206
801 2 _aRU
_bNLR
_c20110111
_grcr
942 _cBOOK
980 _aNB
980 _aNBR